<?xml version="1.0" encoding="UTF-8"?>
<record
    xmlns:xsi="http://www.w3.org/2001/XMLSchema-instance"
    xsi:schemaLocation="http://www.loc.gov/MARC21/slim http://www.loc.gov/standards/marcxml/schema/MARC21slim.xsd"
    xmlns="http://www.loc.gov/MARC21/slim">

  <leader>01205nam a2200289   4500</leader>
  <controlfield tag="001">177389</controlfield>
  <controlfield tag="003">ES-MaACL</controlfield>
  <controlfield tag="005">20230907123131.0</controlfield>
  <controlfield tag="008">110321s2008    sp abd       |||| | spa d</controlfield>
  <datafield tag="017" ind1=" " ind2=" ">
    <subfield code="a">M-23.749-2008</subfield>
  </datafield>
  <datafield tag="020" ind1=" " ind2=" ">
    <subfield code="a">978-84-9742-849-1</subfield>
  </datafield>
  <datafield tag="080" ind1=" " ind2=" ">
    <subfield code="a">327(4-672 UE:560)</subfield>
  </datafield>
  <datafield tag="245" ind1="0" ind2="3">
    <subfield code="a">El impacto de la adhesi&#xF3;n de Turqu&#xED;a en la Uni&#xF3;n Europea / </subfield>
    <subfield code="c">Jos&#xE9; Mar&#xED;a Beneyto (dir.) ; Patricia Argerey (coord.).</subfield>
  </datafield>
  <datafield tag="260" ind1=" " ind2=" ">
    <subfield code="a">Madrid : </subfield>
    <subfield code="b">Biblioteca Nueva : </subfield>
    <subfield code="b">Instituto Universitario de Estudios Europeos de la Universidad CEU San Pablo, </subfield>
    <subfield code="c">[2008]</subfield>
  </datafield>
  <datafield tag="300" ind1=" " ind2=" ">
    <subfield code="a">268 p. : </subfield>
    <subfield code="b">il., gr&#xE1;f., mapas ; </subfield>
    <subfield code="c">24 cm.</subfield>
  </datafield>
  <datafield tag="490" ind1="1" ind2=" ">
    <subfield code="a">La sociedad internacional contempor&#xE1;nea ; </subfield>
    <subfield code="v">6</subfield>
  </datafield>
  <datafield tag="504" ind1=" " ind2=" ">
    <subfield code="a">Referencias bibliogr&#xE1;ficas.</subfield>
  </datafield>
  <datafield tag="610" ind1="2" ind2="7">
    <subfield code="a">Uni&#xF3;n Europea-</subfield>
    <subfield code="z">Turqu&#xED;a.</subfield>
    <subfield code="9">145743</subfield>
  </datafield>
  <datafield tag="700" ind1="1" ind2=" ">
    <subfield code="a">Beneyto, Jos&#xE9; Mar&#xED;a.</subfield>
    <subfield code="9">27557</subfield>
  </datafield>
  <datafield tag="700" ind1="1" ind2=" ">
    <subfield code="a">Argerey Vilar, Patricia.</subfield>
    <subfield code="9">145744</subfield>
  </datafield>
  <datafield tag="710" ind1="2" ind2=" ">
    <subfield code="a">Universidad San Pablo CEU. </subfield>
    <subfield code="b">Instituto Universitario de Estudios Europeos.</subfield>
    <subfield code="9">145746</subfield>
  </datafield>
  <datafield tag="830" ind1="0" ind2=" ">
    <subfield code="a">La sociedad internacional contempor&#xE1;nea ; </subfield>
    <subfield code="v">6</subfield>
    <subfield code="9">224173</subfield>
  </datafield>
  <datafield tag="852" ind1=" " ind2=" ">
    <subfield code="a">ES-MaACL</subfield>
    <subfield code="9">184207</subfield>
    <subfield code="b">R.145534</subfield>
    <subfield code="j">A-11053</subfield>
    <subfield code="d">Olim:N-4058 </subfield>
    <subfield code="c">DEPO1</subfield>
  </datafield>
  <datafield tag="942" ind1=" " ind2=" ">
    <subfield code="2">udc</subfield>
    <subfield code="c">MONOGRAFIA</subfield>
  </datafield>
  <datafield tag="999" ind1=" " ind2=" ">
    <subfield code="c">177389</subfield>
    <subfield code="d">177389</subfield>
  </datafield>
  <datafield tag="952" ind1=" " ind2=" ">
    <subfield code="0">0</subfield>
    <subfield code="1">0</subfield>
    <subfield code="2">udc</subfield>
    <subfield code="4">0</subfield>
    <subfield code="7">0</subfield>
    <subfield code="a">ATENEOM</subfield>
    <subfield code="b">ATENEOM</subfield>
    <subfield code="c">DEPO1</subfield>
    <subfield code="d">2011-03-21</subfield>
    <subfield code="e">DONACION</subfield>
    <subfield code="l">0</subfield>
    <subfield code="o">A-11053</subfield>
    <subfield code="p">1186313</subfield>
    <subfield code="r">2023-02-23 00:00:00</subfield>
    <subfield code="w">2023-02-23</subfield>
    <subfield code="y">MONOGRAFIA</subfield>
  </datafield>
</record>
